| 000 | 01856nam a2200517 i 4500 | ||
|---|---|---|---|
| 001 | 15249 | ||
| 003 | KOSZ 005 | ||
| 005 | 20200624084232.0 | ||
| 008 | 200407s1972 pl a f 001 0 pol | ||
| 015 | _aUWD 1972/10670 | ||
| 035 | _a991035091309705066 | ||
| 035 | _a(PL-WaBN)b19437754-48omnis_nlop | ||
| 035 | _ab19437754 | ||
| 035 | _a(OCoLC)749405619 | ||
| 035 | _a(PL)b0000001943775 | ||
| 035 | _a(EXLNZ-48OMNIS_NETWORK)9910041985205606 | ||
| 040 |
_aWA N _cWA N _dKOSZ 005/RW |
||
| 041 | 1 |
_apol _heng |
|
| 046 | _k1966 | ||
| 080 | _a512 | ||
| 080 | _a515.1 | ||
| 100 | 1 |
_aSpanier, Edwin Henry _d(1921- ) _eAutor |
|
| 245 | 1 | 0 |
_aTopologia algebraiczna / _cEdwin H. Spanier ; z angielskiego tłumaczyli Andrzej Białynicki-Birula i Karol Sieklucki ; wydanie polskie opracował Stanisław Balcerzyk. |
| 246 | 1 |
_iTytuł oryginału: _aAlgebraic topolgy |
|
| 260 |
_aWarszawa : _bPaństwowe Wydawnictwo Naukowe, _c1972. |
||
| 300 |
_a610, [1] stron : _bilustracje ; _c25 cm. |
||
| 336 |
_aTekst _btxt _2rdacontent |
||
| 337 |
_aBez urządzenia pośredniczącego _bn _2rdamedia |
||
| 338 |
_aWolumin _bnc _2rdacarrier |
||
| 380 | _aKsiążki | ||
| 380 | _aPublikacje naukowe | ||
| 380 | _aPublikacje dydaktyczne | ||
| 388 | _a1901-2000 | ||
| 388 | _a1945-1989 | ||
| 504 | _aIndeks. | ||
| 650 | 7 |
_aTopologia algebraiczna _2DBN |
|
| 655 | 7 | _aPodręcznik | |
| 658 | _aMatematyka | ||
| 700 | 1 |
_aBalcerzyk, Stanisław _d(1932-2005) _eOpracowanie |
|
| 700 | 1 |
_aBiałynicki-Birula, Andrzej _d(1935- ) _eTłumaczenie |
|
| 700 | 1 |
_aSieklucki, Karol _d(1937- ) _eTłumaczenie |
|
| 710 | 2 |
_aPaństwowe Wydawnictwo Naukowe _4pbl |
|
| 856 |
_uhttp://koha.tu.koszalin.pl/cgi-bin/koha/opac-detail.pl?biblionumber=15249 _yKatalog online BPK |
||
| 942 |
_2UKD _cKS |
||
| 999 |
_c15249 _d15249 |
||